000 00292nam a22001097a 4500
008 230620b xxu||||| |||| 00| 0 eng d
082 _a327.51
_bYU 1975
245 _aChina's African Policy
_bA Study of Tanzania
260 _aUSA
_bPraeger Publishers
_c1975
300 _aXX,200p
942 _2ddc
_cBK
999 _c1891
_d1891